| 000 | 00869nam a22002417a 4500 | ||
|---|---|---|---|
| 005 | 20170124105956.0 | ||
| 010 | _aA-780700 | ||
| 020 | _c45.00 | ||
| 035 | _aA-780700 | ||
| 037 | _bCen Lib/Ret | ||
| 040 |
_aDPL _bEN |
||
| 082 |
_a370.10954 _bCHA |
||
| 100 |
_aChaube, S. P. _985584 |
||
| 245 |
_aRecent educational philosophies in India : _cby S. P. Chaube _beducational ideas of some the great architects of modern India who interpreted Indias inherent spritual and cultu al heritage to the Indian people and abroad / |
||
| 250 | _a2nd rev ed. | ||
| 260 |
_aAgra _bRam Prasad & Sons _c1995 |
||
| 270 |
_aHospital Road _bAgra |
||
| 300 |
_axiii, 264p. _c20cm(Hb) |
||
| 500 | _aIncludes bibliographical reference and index | ||
| 650 |
_aEducation _zIndia _98226 |
||
| 650 |
_aEducation--Philosophy _98710 |
||
| 942 |
_2ddc _cEN _h331.10954 _mCHA |
||
| 999 |
_c125546 _d125546 |
||